01431nam a2200313 a 4500001001200000003000800012006001900020007001500039008004100054010001700095020001500112040002100127035002000148050002600168082002500194245025300219260005500472300003000527504004100557533015200598650005600750650004700806651002800853651004700881655002900928710001700957856012600974999001701100ebr10055592CaPaEBRm u cr cn|||||||||960313s1996 dcuab sb 000 0 eng d z 95073313  z0309054486 aCaPaEBRcCaPaEBR a(OCoLC)4233104714aTC557.A62bG67 1996eb04a333.91/14/09791322000aRiver resource management in the Grand Canyonh[electronic resource] /cCommittee to Review the Glen Canyon Environmental Studies, Water Science and Technology Board, Commission on Geosciences, Environment, and Resources, National Research Council. aWashington, D.C. :bNational Academy Press,c1996. axv, 226 p. :bill., maps. aIncludes bibliographical references. aElectronic reproduction.bPalo Alto, Calif. :cebrary,d2013.nAvailable via World Wide Web.nAccess may be limited to ebrary affiliated libraries. 0aDamsxEnvironmental aspectszArizonazGrand Canyon. 0aRiversxRegulationzArizonazGrand Canyon. 0aGlen Canyon Dam (Ariz.) 0aColorado River (Colo.-Mexico)xRegulation. 7aElectronic books.2local2 aebrary, Inc.40uhttp://site.ebrary.com/lib/rucke/Doc?id=10055592zAn electronic book accessible through the World Wide Web; click to view c64289d64289